000 00739nam a22002297a 4500
005 20130403170222.0
010 _aB-508596
020 _a8190247808
_c350.00
035 _aB-508596
037 _bDBAD/PUB
037 _bLiteracy House/Ven
082 _aS
100 _aWilde, Oscar
245 _aFamous Stories/
_cby Oscar Wilde
260 _aNew Delhi
_bWorld Literature India
_c2011
270 _aJhari Villa,Bhul Bhullian Road Mehrauli,
_bNew Delhi
_e110030
300 _a200p.
_c22cm(Hb)
490 _aWorld Literature Series: British Literature
500 _aIt include index
942 _2ddc
_cEN
_mWIL
_hS
999 _c74109
_d74109